000 00594nam a2200205 i 4500
001 6275
003 ES-MaACL
005 20250801034155.0
007 t|
008 890913s1986 sp ||||0| spa d
020 _a84-398-7634-3
080 _a26:291.13
100 1 _aFreixedo, Salvador.
_952490
245 1 3 _aEl Cristianismo, un mito mas /
_cSalvador Freixedo.
260 _a[S.l.] :
_bQuinta,
_cD.L. 1986 (
_eMadrid :
_fA. Gallardo)
300 _a301 p. ;
_c20 cm.
650 1 7 _aCristianismo
_2embne
_911425
852 _aES-MaACL
_jL-13411
_bR.113921
_z. - rust.
999 _c6275
_d6275